000 00455nam a2200157Ia 4500
008 140527s9999 xx 000 0 und d
020 _a9788120715127
050 _aGV 1493
_b.M725 199
100 _aMohindra, Kamlesh
245 _aBrainĀ teasersĀ :
_bGeneral Knowledge /
_cKamlesh Mohindra.
260 _aNew Delhi, India :
_bSterling Paperbacks,
_cc1993.
300 _a103 p. :
_bill. ;
_c21 cm.
521 _aGE
942 _kFOR
_cBK
999 _c117503
_d117503